|
|
|
|
| LEADER |
00700nab a2200205 i 4500 |
| 001 |
misc27003 |
| 005 |
20191111110353.0 |
| 008 |
171004s1959 hu o 0|| zxx d |
| 040 |
|
|
|a SZTE Miscellanea Repozitórium
|b hun
|
| 041 |
|
|
|a zxx
|
| 100 |
1 |
|
|a Krauspe C.
|
| 245 |
1 |
0 |
|a Verhandlungen der Deutschen Gesellschaft für Pathologie
|h [elektronikus dokumentum] /
|c Krauspe C.
|
| 260 |
|
|
|c 1959
|
| 300 |
|
|
|a 1
|
| 490 |
0 |
|
|a Kolligátum
|
| 695 |
|
|
|a Patológia
|
| 700 |
0 |
1 |
|a Korpássy Béla
|e aut
|
| 700 |
0 |
1 |
|a Knežević M.
|e aut
|
| 710 |
|
|
|a Verhandlungen der Deutschen Gesellschaft für Pathologie (3-4.) (1959) (Mannheim)
|
| 856 |
4 |
0 |
|u http://misc.bibl.u-szeged.hu/27003/1/019_024_001h.pdf
|z Dokumentum-elérés
|